[Event "Dortmund FSV op"]
[Site "Dortmund"]
[Date "2006.03.02"]
[Round "6"]
[White "Guelicher, Michael"]
[Black "Herrmann, Rudolf"]
[Result "1/2-1/2"]
[WhiteElo "1539"]
[BlackElo "1404"]
[PlyCount "148"]
[EventDate "2006.01.19"]
[EventType "swiss"]
[EventRounds "9"]
[EventCountry "GER"]
[SourceTitle "EXT 2007"]
[Source "ChessBase"]
[SourceDate "2006.11.23"]
[SourceVersion "1"]
[SourceVersionDate "2006.11.23"]
[SourceQuality "1"]

1. e4 d5 2. e5 Bf5 3. d4 e6 4. Nf3 h6 5. Be2 c5 6. 0-0 Nc6 7. c3 cxd4 8. cxd4 Bb4 9. Qa4 Nge7 10. Bb5 0-0 11. Bd2 Bxd2 12. Nbxd2 Qa5 13. Nb3 Qxa4 14. Bxa4 Be4 15. Nfd2 Bg6 16. Bxc6 Nxc6 17. Rac1 f6 18. f4 fxe5 19. fxe5 Rxf1+ 20. Rxf1 b6 21. a4 a5 22. Nb1 Rc8 23. Na3 Na7 24. Nd2 Be8 25. b3 b5 26. axb5 Bxb5 27. Nxb5 Nxb5 28. Nf3 Rc3 29. Ra1 Rxb3 30. Rxa5 Rb4 31. Ra8+ Kf7 32. Rb8 Ke7 33. Rb7+ Kd8 34. Kf2 Kc8 35. Rb6 g5 36. Kg3 Kc7 37. Rxe6 Nxd4 38. Nxd4 Rxd4 39. Rxh6 Re4 40. Re6 d4 41. Kf3 Rf4+ 42. Ke2 Kd7 43. Rd6+ Ke7 44. Kd3 Rf2 45. Kxd4 Rxg2 46. Rh6 g4 47. Ke3 g3 48. h3 Ra2 49. Rg6 g2 50. h4 Ra5 51. Rxg2 Rxe5+ 52. Kf4 Ra5 53. Rg5 Ra4+ 54. Kg3 Ra3+ 55. Kg4 Ra4+ 56. Kh5 Kf7 57. Rf5+ Kg7 58. Kg5 Ra1 59. Rb5 Rg1+ 60. Kh5 Kf7 61. Rf5+ Ke7 62. Kh6 Ke8 63. h5 Ke7 64. Kh7 Ke8 65. h6 Ke7 66. Kh8 Ke8 67. h7 Rg6 68. Ra5 Kf7 69. Ra8 Rg1 70. Rg8 Rh1 71. Rg2 Kf8 72. Rf2+ Ke7 73. Rg2 Kf7 74. Rg7+ Kf8 1/2-1/2

[Event "Dortmund-ch"]
[Site "Dortmund"]
[Date "2005.03.15"]
[Round "8"]
[White "Iwannek, Ralf"]
[Black "Guelicher, Michael"]
[Result "1/2-1/2"]
[WhiteElo "1718"]
[BlackElo "1540"]
[PlyCount "87"]
[EventDate "2005.02.28"]
[EventType "swiss"]
[EventRounds "9"]
[EventCountry "GER"]
[SourceTitle "CBM 105 Extra"]
[Source "ChessBase"]
[SourceDate "2005.05.01"]
[SourceVersion "1"]
[SourceVersionDate "2005.05.01"]
[SourceQuality "1"]

1. e4 d5 2. exd5 Qxd5 3. Qf3 Nf6 4. Nc3 Qxf3 5. Nxf3 a6 6. Bc4 Nc6 7. Nd5 Nxd5 8. Bxd5 Nb4 9. Bb3 e6 10. a3 Nd5 11. d3 Bd6 12. 0-0 0-0 13. Re1 b5 14. Bd2 Bb7 15. Ne5 c5 16. g3 Rac8 17. c4 Ne7 18. a4 b4 19. Bd1 Nf5 20. Nf3 Rcd8 21. g4 Bxf3 22. Bxf3 Nd4 23. Bd1 Be7 24. Be3 Bh4 25. Bxd4 Rxd4 26. Be2 f5 27. gxf5 Rxf5 28. Rf1 Rdf4 29. f3 Bf6 30. Rab1 Bd4+ 31. Kh1 Rh5 32. Rg1 Bxg1 33. Rxg1 Kf7 34. Rg2 Kf6 35. Kg1 Rg5 36. Rg3 h5 37. Kf2 h4 38. Rxg5 Kxg5 39. Bf1 Kf5 40. Bh3+ Ke5 41. Ke3 Rf8 42. Bg4 g5 43. b3 Rf4 44. a5 1/2-1/2

[Event "Dortmund-ch"]
[Site "Dortmund"]
[Date "2005.03.14"]
[Round "7"]
[White "Guelicher, Michael"]
[Black "Morgenroth, Hubertus"]
[Result "1-0"]
[WhiteElo "1540"]
[BlackElo "1724"]
[PlyCount "73"]
[EventDate "2005.02.28"]
[EventType "swiss"]
[EventRounds "9"]
[EventCountry "GER"]
[SourceTitle "CBM 105 Extra"]
[Source "ChessBase"]
[SourceDate "2005.05.01"]
[SourceVersion "1"]
[SourceVersionDate "2005.05.01"]
[SourceQuality "1"]

1. e4 e5 2. Nf3 Nc6 3. Be2 Bc5 4. 0-0 d6 5. c3 Bg4 6. Nxe5 Bxe2 7. Nxc6 Bxd1 8. Nxd8 Be2 9. Nxb7 Bxf1 10. Nxc5 Bb5 11. a4 Bc6 12. Na6 Rc8 13. f3 Nf6 14. d4 Bb7 15. Nb4 c5 16. Nc2 Ba6 17. Nba3 Bd3 18. Ne1 Ba6 19. Nec2 0-0 20. d5 Rb8 21. Nb1 Nd7 22. b4 Bd3 23. Nba3 Rfc8 24. b5 f5 25. exf5 Bxf5 26. Bf4 Re8 27. Bxd6 Rb6 28. Bf4 Bxc2 29. Nxc2 Rf6 30. Bg3 Re2 31. Na3 Ne5 32. Kf1 Rd2 33. Bxe5 Rf5 34. Nc4 Rxd5 35. Bg3 Rd3 36. Rc1 Rfd5 37. a5 1-0

[Event "Dortmund ABC Serie A-22"]
[Site "Dortmund"]
[Date "2004.11.10"]
[Round "8"]
[White "Guelicher, Michael"]
[Black "Skoecz, Horst"]
[Result "1-0"]
[WhiteElo "1459"]
[BlackElo "1349"]
[PlyCount "108"]
[EventDate "2004.10.06"]
[EventType "tourn"]
[EventRounds "13"]
[EventCountry "GER"]
[SourceTitle "EXT 2006"]
[Source "ChessBase"]
[SourceDate "2005.11.24"]
[SourceVersion "1"]
[SourceVersionDate "2005.11.24"]
[SourceQuality "1"]

1. e4 e6 2. d3 c5 3. g3 Nc6 4. Bg2 b5 5. f4 Bb7 6. Nf3 d5 7. 0-0 dxe4 8. dxe4 Qb6 9. e5 Nh6 10. Nc3 Ng4 11. Kh1 c4 12. Qe2 Bc5 13. Ne4 Ne3 14. Bxe3 Bxe3 15. Nd6+ Ke7 16. Nxb7 Qxb7 17. Qxe3 Qb6 18. Qxb6 axb6 19. c3 Rad8 20. Rad1 b4 21. Nd4 Nxd4 22. Rxd4 Rxd4 23. cxd4 Rd8 24. Rd1 c3 25. bxc3 bxc3 26. Be4 b5 27. Bc2 g6 28. Kg2 f6 29. exf6+ Kxf6 30. Kf3 h5 31. h4 b4 32. Ke3 Ra8 33. Bb3 Rc8 34. Kd3 c2 35. Bxc2 Rc3+ 36. Kd2 Rxg3 37. Rh1 Rg2+ 38. Kc1 Rg4 39. Kd2 Rxf4 40. Ke3 Rg4 41. Rf1+ Kg7 42. Rf4 Rg3+ 43. Ke4 g5 44. hxg5 Rxg5 45. Bb3 Rg4 46. Rxg4+ hxg4 47. Bxe6 g3 48. Kf3 g2 49. Kxg2 Kf6 50. Bb3 Ke7 51. Kf3 Kd6 52. Ke4 Kc6 53. Ke5 Kd7 54. Kd5 Kc7 1-0

[Event "Dortmund7"]
[Site "Dortmund"]
[Date "2003.11.20"]
[Round "11"]
[White "Guelicher, Michael"]
[Black "Lischer, Thorsten"]
[Result "1/2-1/2"]
[WhiteElo "1497"]
[BlackElo "1545"]
[PlyCount "83"]
[EventDate "2003.10.01"]
[EventType "tourn"]
[EventRounds "13"]
[EventCountry "GER"]
[SourceTitle "EXT 2007"]
[Source "ChessBase"]
[SourceDate "2006.11.23"]
[SourceVersion "1"]
[SourceVersionDate "2006.11.23"]
[SourceQuality "1"]

1. e4 c5 2. Nf3 e6 3. d3 b6 4. g3 Bb7 5. Bg2 g6 6. 0-0 Bg7 7. c3 Nc6 8. Nbd2 Ba6 9. Nc4 Bxc4 10. dxc4 Nge7 11. Re1 e5 12. Bh3 d6 13. Bg5 0-0 14. Qa4 Qc7 15. Rad1 Rad8 16. Nh4 h6 17. Bc1 Kh7 18. Ng2 f5 19. Nh4 f4 20. Qc2 Bf6 21. Ng2 Bg5 22. Be6 Rf6 23. Bd5 Rdf8 24. h4 fxg3 25. fxg3 Bxc1 26. Qxc1 Qd7 27. Rf1 Nxd5 28. cxd5 Na5 29. Rxf6 Rxf6 30. Rf1 Qf7 31. Ne3 Rf3 32. Kg2 Rxf1 33. Qxf1 Qxf1+ 34. Kxf1 Nb7 35. Ke2 Kg7 36. Kd3 a6 37. b4 b5 38. Ke2 c4 39. Kf3 Nd8 40. Kg4 h5+ 41. Kf3 Kf6 42. g4 1/2-1/2

[Event "Dortmund ABC Aufstreber 18th"]
[Site "Dortmund"]
[Date "2002.10.26"]
[Round "5"]
[White "Guelicher, Michael"]
[Black "Huebel, Carsten"]
[Result "1/2-1/2"]
[WhiteElo "1491"]
[BlackElo "1425"]
[PlyCount "54"]
[EventDate "2002.10.11"]
[EventType "tourn"]
[EventRounds "13"]
[EventCountry "GER"]
[SourceTitle "EXT 2004"]
[Source "ChessBase"]
[SourceDate "2003.11.25"]
[SourceVersion "1"]
[SourceVersionDate "2003.11.25"]
[SourceQuality "1"]

1. e4 c5 2. Nf3 d6 3. d4 cxd4 4. Nxd4 e5 5. Nf3 Be7 6. Nc3 Nf6 7. Bc4 0-0 8. h3 h6 9. Be3 Nbd7 10. Qd2 Nc5 11. Bxc5 dxc5 12. 0-0-0 Qxd2+ 13. Rxd2 Nd7 14. Nd5 Bf6 15. Rhd1 Nb6 16. Nxf6+ gxf6 17. Bd5 Nxd5 18. Rxd5 b6 19. Nd2 Be6 20. Rd6 Rfd8 21. Nf3 Rxd6 22. Rxd6 Kf8 23. Nh4 Ke7 24. Rd2 Rc8 25. Nf5+ Bxf5 26. exf5 Rd8 27. Rxd8 Kxd8 1/2-1/2

[Event "Dortmund ABC Aufstreber 18th"]
[Site "Dortmund"]
[Date "2002.10.18"]
[Round "3"]
[White "Guelicher, Michael"]
[Black "Nietmann, Friedrich"]
[Result "1-0"]
[WhiteElo "1491"]
[BlackElo "1323"]
[PlyCount "57"]
[EventDate "2002.10.11"]
[EventType "tourn"]
[EventRounds "13"]
[EventCountry "GER"]
[SourceTitle "EXT 2004"]
[Source "ChessBase"]
[SourceDate "2003.11.25"]
[SourceVersion "1"]
[SourceVersionDate "2003.11.25"]
[SourceQuality "1"]

1. e4 d6 2. d4 Nf6 3. Nc3 g6 4. Nf3 Bg7 5. Bd3 c6 6. 0-0 0-0 7. Re1 Nbd7 8. e5 dxe5 9. dxe5 Ne8 10. Bc4 e6 11. Bg5 Qc7 12. Be7 Nxe5 13. Bxf8 Nxf3+ 14. Qxf3 Kxf8 15. Bxe6 Kg8 16. Bxc8 Rxc8 17. Rab1 Nd6 18. Ne4 Nf5 19. c3 Be5 20. Qh3 Kg7 21. Re2 f6 22. g3 Rd8 23. Rbe1 Rd5 24. f4 Qb6+ 25. Nf2 Bd6 26. Kh1 Qc7 27. Ne4 Be7 28. g4 Nh6 29. Ng5 1-0

[Event "Dortmund2"]
[Site "Dortmund"]
[Date "2002.06.08"]
[Round "13"]
[White "Guelicher, Michael"]
[Black "Thiemig, Rolf"]
[Result "1-0"]
[WhiteElo "1438"]
[BlackElo "1300"]
[PlyCount "45"]
[EventDate "2002.04.10"]
[EventType "tourn"]
[EventRounds "13"]
[EventCountry "GER"]
[SourceTitle "EXT 2007"]
[Source "ChessBase"]
[SourceDate "2006.11.23"]
[SourceVersion "1"]
[SourceVersionDate "2006.11.23"]
[SourceQuality "1"]

1. e4 e5 2. Nf3 d6 3. d4 Nf6 4. Nc3 exd4 5. Nxd4 c6 6. Bc4 Be7 7. 0-0 0-0 8. Re1 Nbd7 9. Nf5 Ne5 10. Nxe7+ Qxe7 11. Bb3 Bg4 12. f3 Bc8 13. Bf4 Nh5 14. Be3 Nf6 15. Ne2 Rd8 16. Qd4 d5 17. exd5 Nxd5 18. Rad1 Nxf3+ 19. gxf3 Qxe3+ 20. Qxe3 Be6 21. Bxd5 Bxd5 22. Nc3 Re8 23. Qxe8+ 1-0

[Event "Dortmund2"]
[Site "Dortmund"]
[Date "2002.05.31"]
[Round "11"]
[White "Guelicher, Michael"]
[Black "Szablewicz, Christof"]
[Result "1/2-1/2"]
[WhiteElo "1438"]
[BlackElo "1365"]
[PlyCount "32"]
[EventDate "2002.04.10"]
[EventType "tourn"]
[EventRounds "13"]
[EventCountry "GER"]
[SourceTitle "EXT 2007"]
[Source "ChessBase"]
[SourceDate "2006.11.23"]
[SourceVersion "1"]
[SourceVersionDate "2006.11.23"]
[SourceQuality "1"]

1. e4 c5 2. Nf3 d6 3. d4 cxd4 4. Nxd4 Nf6 5. Nc3 g6 6. Bb5+ Bd7 7. Qd3 a6 8. Bxd7+ Nbxd7 9. 0-0 Bg7 10. Be3 Ne5 11. Qe2 b5 12. b3 0-0 13. f4 Neg4 14. a4 Qc7 15. Nd5 Nxd5 16. exd5 Qc3 1/2-1/2

[Event "Dortmund2"]
[Site "Dortmund"]
[Date "2002.05.25"]
[Round "10"]
[White "Krueger, Inge"]
[Black "Guelicher, Michael"]
[Result "1/2-1/2"]
[WhiteElo "1436"]
[BlackElo "1438"]
[PlyCount "48"]
[EventDate "2002.04.10"]
[EventType "tourn"]
[EventRounds "13"]
[EventCountry "GER"]
[SourceTitle "EXT 2007"]
[Source "ChessBase"]
[SourceDate "2006.11.23"]
[SourceVersion "1"]
[SourceVersionDate "2006.11.23"]
[SourceQuality "1"]

1. d4 d5 2. c4 e6 3. Nc3 Nf6 4. Bg5 Be7 5. e3 0-0 6. Nf3 a6 7. cxd5 exd5 8. Be2 Nc6 9. 0-0 Ne4 10. Bxe7 Nxe7 11. Rc1 Ng6 12. Qb3 c6 13. Rc2 b5 14. Nxe4 dxe4 15. Ne5 Nxe5 16. dxe5 Be6 17. Qa3 Qb6 18. b4 a5 19. Rfc1 Rfc8 20. Rc5 axb4 21. Qxb4 Ra4 22. Qc3 Ra5 23. h3 h6 24. a3 Kf8 1/2-1/2